Vista normal
Vista MARC
- Ingenieros, José,
Entrada Nombre personal
Número de registros utilizados en: 25
001 - NÚMERO DE CONTROL
- campo de control: 747
003 - IDENTIFICADOR DEL NÚMERO DE CONTROL
- campo de control: AR-BaAGN
005 - FECHA Y HORA DE LA ÚLTIMA TRANSACCIÓN
- campo de control: 20231102111305.0
008 - ELEMENTOS DE DATO DE LONGITUD-FIJA
- campo de control de longitud fija: 230203|| ac|||aabn | a|a d
040 ## - FUENTE DE CATALOGACIÓN
- Centro catalogador/agencia de origen: AR-BaAGN
- Lengua de catalogación: spa
- Normas de descripción: aacr
100 1# - ENCABEZAMIENTO-NOMBRE DE PERSONA
- Nombre de persona: Ingenieros, José,
- Fechas asociadas al nombre: 1877-1925
400 1# - TRAZADO DE VÉASE--NOMBRE DE PERSONA
- Nombre de persona: Ingegnieros, Giuseppe,
- Fechas asociadas al nombre: 1877-1925
